| Tag |
First Indicator |
Second Indicator |
Subfields |
| LEADER |
00000cas a2200000 a 4500 |
| 001 |
in00002787439 |
| 005 |
20151202172157.0 |
| 006 |
m o d |
| 007 |
cr bn||||||abp |
| 007 |
cr bn||||||ada |
| 008 |
100318c19519999is fr poo 0 0eng c |
| 010 |
|
|
|a 2012235119
|
| 022 |
|
|
|l 0021-2059
|y 0021-2059
|
| 029 |
1 |
|
|a NZ1
|b 13933442
|
| 035 |
|
|
|a (OCoLC)ocn560962873
|
| 035 |
|
|
|a (OCoLC)560962873
|
| 040 |
|
|
|a OCLCE
|b eng
|c OCLCE
|d EYM
|d HUL
|d OCLCQ
|d TXA
|d UtOrBLW
|
| 041 |
0 |
|
|a eng
|a fre
|
| 042 |
|
|
|a dlr
|a pcc
|
| 043 |
|
|
|a a-is---
|
| 049 |
|
|
|a TXAM
|
| 050 |
|
4 |
|a DS111.A1
|b I87 Electronic
|
| 082 |
0 |
4 |
|a 933
|
| 245 |
0 |
0 |
|a Israel exploration journal.
|
| 264 |
|
1 |
|a Jerusalem, Israel :
|b Israel Exploration Society,
|c 1950-
|
| 310 |
|
|
|a Semiannual,
|b 2001-
|
| 321 |
|
|
|a Quarterly,
|b 1950-2000
|
| 336 |
|
|
|a text
|b txt
|2 rdacontent
|
| 337 |
|
|
|a computer
|b c
|2 rdamedia
|
| 338 |
|
|
|a online resource
|b cr
|2 rdacarrier
|
| 362 |
1 |
|
|a Began with: Vol. 1, no. 1 (1950/1951).
|
| 506 |
|
|
|3 Use copy
|f Restrictions unspecified
|2 star
|5 MiAaHDL
|
| 533 |
|
|
|a Electronic reproduction.
|b [S.l.] :
|c HathiTrust Digital Library,
|d 2010.
|5 MiAaHDL
|
| 546 |
|
|
|a English and French.
|
| 550 |
|
|
|a Vols. for 1950/51-1961 published by the Israel Exploration Society; 1962-1969 by the Joint Editorial Board of the Israel Exploration Society, the Dept. of Archaeology, Hebrew University and the Dept. of Antiquities, Ministry of Education and Culture; 1970-1977 by the Joint Editorial Board of the Israel Exploration Society, the Institute of Archaeology of the Hebrew University, and the Dept. of Antiquities and Museums of the Ministry of Education and Culture; 1978-1989 by Israel Exploration Society, the Institute of Archaeology of the Hebrew University and the Dept. of Antiquities and Museums of the Ministry of Education and Culture; 1990- by the Israel Exploration Society and the Institute of Archaeology of the Hebrew University.
|
| 555 |
|
|
|a Vols. 1-10, 1950-60, in v. 11.
|
| 583 |
1 |
|
|a digitized
|c 2010
|h HathiTrust Digital Library
|l committed to preserve
|2 pda
|5 MiAaHDL
|
| 588 |
|
|
|a Description based on: Vol. 1, no. 1 (1950/1951); title from PDF cover (JSTOR, viewed Oct. 7, 2011).
|
| 588 |
|
|
|a Latest issue consulted: Vol. 57, no. 2 (2007) (JSTOR, viewed Oct. 7, 2011).
|
| 500 |
|
|
|a Electronic resource.
|
| 651 |
|
0 |
|a Palestine
|x Antiquities
|v Periodicals.
|
| 651 |
|
6 |
|a Palestine
|x Antiquités
|v Périodiques.
|
| 650 |
1 |
7 |
|a Archeologie.
|2 gtt
|
| 651 |
|
7 |
|a Palestina.
|2 gtt
|
| 710 |
1 |
|
|a Israel.
|b Agaf ha-ʻatiḳot ṿeha-muzeʼonim.
|
| 710 |
2 |
|
|a Ḥevrah la-ḥaḳirat Erets-Yiśraʼel ṿe-ʻatiḳoteha.
|
| 710 |
2 |
|
|a Universiṭah ha-ʻIvrit bi-Yerushalayim.
|b Makhon le-arkheʼologyah.
|
| 776 |
0 |
8 |
|i Print version:
|t Israel exploration journal
|x 0021-2059
|w (DLC) 53036113
|w (OCoLC)1623888
|
| 948 |
|
|
|a cataloged
|b h
|c 2012/12/21
|d c
|e spoltoratski
|f 10:47:30 am
|g sc
|
| 994 |
|
|
|a C0
|b TXA
|
| 999 |
|
|
|a MARS
|
| 999 |
f |
f |
|s 11418d66-c119-3127-98e2-8532c3b8b698
|i 13643527-e72b-39a9-8576-a073e06037c6
|t 0
|
| 952 |
f |
f |
|a Texas A&M University
|b College Station
|c Electronic Resources
|d Available Online
|t 0
|e DS111.A1 I87
|g Electronic
|h Library of Congress classification
|
| 998 |
f |
f |
|a DS111.A1 I87
|t 0
|l Available Online
|